Statistics for US Cities Further from Honolulu than Auckland NZ

Click here to take the quiz!

General Stats

  • This quiz has been taken 51 times
  • The average score is 6 of 7

Answer Stats

city% Correct
Boston
100%
New York
100%
Miami
90%
Philadelphia
90%
Washington
88%
Atlanta
82%
Detroit
53%

Score Distribution

Percentile by Number Answered

Percent of People with Each Score

Your Score History

You have not taken this quiz